• 首页
  • 本馆介绍
  • 公告通知
  • 最新文献
  • 馆藏检索
  • 电子资源
  • 读者导购
  • 参考咨询
  • 我的图书馆
  • 登录
  • 详细信息显示
  • 放入我的书架
  • 预约/预借图书
  • 作者相关作品
  • 分类相关作品
  • 丛书相关作品
  • 出版社相关作品

书目信息

  • 表格格式
  • 工作单格式
  • 卡片格式
书名: Word power
作者:
分册号:
分册名:
出版地: London :
 
出版社: The Reader's Digest Association
出版时间: c1967.
页数: 128 p. ;
开本: 19 cm.
丛书名:
中图分类号:
科图分类号:
其他分类号: H31
主题词:
电子资源:
000 00608nam 2200217 a 4500
001 0000305665
005 20070505171352.50
008 010319s1967 enk 000 0 eng d
040    @aNUL@cNUL
090    @aH313/X22 @2 4
090    @aH31
092    @aGJ(Z)2000/11-072
093    @aH313 @2 4
099    @dH31@ex101
242    @a读者文摘英语词汇
245 00 @aWord power :@bfrom The reader's digest.
260    @aLondon :@bThe Reader's Digest Association,@cc1967.
300    @a128 p. ;@c19 cm.
650  0 @aLanguage skills development.
730 4  @aThe Reader's Digest.
920    @a232010@z1
    
    Word power : : from The reader's digest.-London : : The Reader's Digest Association, , c1967.
    128 p. ; ; 19 cm.
    
    
    ISBN
    
●
相关链接 在E读中查询图书 在五车中查询图书 在当当中查询图书 在豆瓣中查询图书


正题名:Word power     索取号:H31/x101         预约/预借

序号 登录号 条形码 馆藏地/架位号 状态 备注
1 123566   001160022   第四借阅区/ [索取号:H31/x101] 在馆    
2 123567   001160004   第四借阅区/ [索取号:H31/x101] 在馆    
3 123568   001159980   第四借阅区/ [索取号:H31/x101] 在馆    
4 123569   001159999   第四借阅区/ [索取号:H31/x101] 在馆    
5 123570   001160013   第二样本阅览室/ [索取号:H31/x101] 在馆    
唐山师范学院图书馆 欢迎您!
大连网信软件有限公司© 版权所有